00520cam a22002171 4500001001300000003000400013005001700017008004100034010001700075025001600092035002000108040002100128042001200149050002500161100003000186245001700216260001600233300002100249500001500270999001700285sa 68009548 DLC20260227112543.0941010q19581959np 000 0 newo  asa 68009548  aPL480:N-267 a(OCoLC)31253179 aDLCcCUdCUdDLC apremarc00aPL3801.N59bS49 19581 aShrestha, Manjushree Lal.10aNasañcā. c[1958 or 9] a2, 43 p.c19 cm. aIn Newari. c82980d82980